Statistics for U.S. Cities With A Roller Derby Team

Click here to take the quiz!

General Stats

  • This quiz has been taken 5 times
  • The average score is 92 of 170

Answer Stats

StateCityYear% Correct
LouisianaBaton Rouge2007
100%
AlabamaBirmingham2005
100%
MassachusettsBoston2005
100%
IllinoisChicago2004
100%
TexasHouston2005
100%
AlabamaHuntsville2004
100%
IndianaIndianapolis2006
100%
CaliforniaLos Angeles2003
100%
LouisianaNew Orleans2005
100%
ArizonaPhoenix2003
100%
New YorkAlbany2006
75%
New MexicoAlbuquerque2005
75%
GeorgiaAtlanta2004
75%
TexasAustin2001
75%
CaliforniaBakersfield2008
75%
MarylandBaltimore2005
75%
IdahoBoise2006
75%
New YorkBuffalo2006
75%
WyomingCasper2009
75%
South CarolinaCharleston2008
75%
North CarolinaCharlotte2006
75%
WyomingCheyenne2010
75%
OhioCincinnati2005
75%
OhioCleveland2006
75%
MissouriColumbia2007
75%
South CarolinaColumbia2007
75%
OhioColumbus2005
75%
TexasDallas2004
75%
ColoradoDenver2004
75%
IowaDes Moines2006
75%
ArkansasFayetteville2006
75%
IndianaFort Wayne2005
75%
PennsylvaniaHarrisburg2005
75%
FloridaJacksonville2007
75%
MissouriKansas City2004
75%
TennesseeKnoxville2006
75%
IndianaLafayette2008
75%
PennsylvaniaLancaster2005
75%
NevadaLas Vegas2004
75%
KentuckyLexington2006
75%
NebraskaLincoln2005
75%
KentuckyLouisville2007
75%
TennesseeMemphis2004
75%
MinnesotaMinneapolis2006
75%
TennesseeNashville2006
75%
New YorkNew York City2003
75%
CaliforniaOakland2004
75%
NebraskaOmaha2006
75%
PennsylvaniaPhiladelphia2005
75%
FloridaPinellas Park2011
75%
TexasPlano2005
75%
MainePortland2007
75%
OregonPortland2004
75%
ColoradoPueblo2007
75%
North CarolinaRaleigh2004
75%
CaliforniaSacramento2006
75%
MinnesotaSaint Paul2004
75%
UtahSalt Lake City2005
75%
TexasSan Antonio2006
75%
CaliforniaSan Diego2005
75%
CaliforniaSan Jose2007
75%
WashingtonSeattle2004
75%
South DakotaSioux Falls2006
75%
WashingtonSpokane2006
75%
IllinoisSpringfield---
75%
MissouriSpringfield2006
75%
MissouriSt. Louis2005
75%
New YorkSyracuse2007
75%
FloridaTallahassee2006
75%
FloridaTampa2005
75%
OhioToledo2007
75%
ArizonaTucson2003
75%
OklahomaTulsa2006
75%
VirginiaVirginia Beach2006
75%
KansasWichita2006
75%
MassachusettsWilbraham---
75%
PennsylvaniaAllentown2006
50%
AlaskaAnchorage2007
50%
MichiganAnn Arbor2010
50%
GeorgiaAthens2006
50%
GeorgiaAugusta2008
50%
MaineBangor---
50%
TexasBeaumont2008
50%
OregonBend2006
50%
ColoradoBoulder2011
50%
KentuckyBowling Green2009
50%
VermontBurlington2007
50%
IowaCedar Rapids---
50%
IllinoisChampaign2010
50%
VirginiaCharlottesville2007
50%
TennesseeChattanooga2008
50%
ColoradoColorado Springs2005
50%
OhioDayton2006
50%
MichiganDetroit2005
50%
MinnesotaDuluth2007
50%
OregonEugene2007
50%
IndianaEvansville2007
50%
AlaskaFairbanks2008
50%
North DakotaFargo2008
50%
ColoradoFort Collins2006
50%
FloridaFort Lauderdale2007
50%
MichiganGrand Rapids2005
50%
North CarolinaGreensboro2010
50%
South CarolinaGreenville2008
50%
ConnecticutHartford2011
50%
HawaiiHilo2010
50%
HawaiiHonolulu2008
50%
IowaIowa City2008
50%
MichiganKalamazoo2006
50%
MichiganLansing2010
50%
TexasLubbock2007
50%
WisconsinMadison2004
50%
ArizonaMesa2009
50%
WisconsinMilwaukee2005
50%
New JerseyNewark2006
50%
OklahomaOklahoma City2007
50%
WashingtonOlympia2006
50%
PennsylvaniaPittsburgh2006
50%
Rhode IslandProvidence2004
50%
New YorkRochester2008
50%
IllinoisRockford2006
50%
OregonSalem2009
50%
CaliforniaSan Luis Obispo2006
50%
CaliforniaSanta Cruz2011
50%
IowaSioux City2008
50%
WashingtonTacoma2005
50%
---Washington D.C.2006
50%
ConnecticutWaterbury2006
50%
North CarolinaWilmington2005
50%
DelawareWilmington2006
50%
New YorkYonkers2007
50%
OhioAkron2016
25%
WisconsinAppleton2007
25%
WashingtonBellingham2006
25%
OregonCorvallis2008
25%
CaliforniaEureka2007
25%
MichiganFlint2007
25%
ColoradoGreeley2007
25%
VirginiaHarrisonburg2008
25%
LouisianaHouma2008
25%
New YorkHyde Park2006
25%
New YorkIthaca2007
25%
New HampshireManchester2007
25%
MassachusettsNorthampton2006
25%
UtahOgden2008
25%
WashingtonPort Orchard2006
25%
MissouriSt. Charles2009
25%
TexasTyler2005
25%
CaliforniaVentura2007
25%
North CarolinaAsheville2006
0%
MinnesotaBemidji2009
0%
IndianaBloomington2006
0%
ColoradoCastle Rock2008
0%
KentuckyCovington2006
0%
PennsylvaniaDowningtown2010
0%
WashingtonEverett2006
0%
MassachusettsFitchburg2008
0%
FloridaFort Myers2007
0%
MarylandHagerstown2007
0%
CaliforniaHuntington Beach2006
0%
TennesseeJohnson City2007
0%
FloridaLakeland2010
0%
IllinoisMarion2009
0%
IowaOskaloosa2009
0%
MaineRockland---
0%
MarylandSalisbury2010
0%
New JerseyToms River2007
0%
New YorkTroy2008
0%
New YorkUtica2007
0%
MarylandWaldorf2011
0%

Score Distribution

Percentile by Number Answered

Percent of People with Each Score

Your Score History

You have not taken this quiz